000 00622nam a2200217Ia 4500
003 OSt
005 20221002054805.0
006 a|||||r|||| 00| 0
007 ta
008 220930b |||||||| |||| 00| 0 eng d
024 _a70591
037 _cReference Collections
040 _aCRL
_cCRL
_beng
041 _2eng
_aeng
082 _aNA44,8(Q2:45), N5.2(RR)
100 _aDeva Krishna Au.
_96105
245 0 _aTemples of india
260 _aNew Delhi
_bAryan Books international
_c1995
942 _hNA44,8(Q2:45), N5.2(RR)
_cref
_2CC
999 _c925912
_d925912